| 000 | 01191cam a2200313 a 4500 | ||
|---|---|---|---|
| 001 | 16257343 | ||
| 005 | 20170105102841.0 | ||
| 008 | 100528s2011 enk b 001 0 eng | ||
| 010 | _a 2010022449 | ||
| 020 | _a9780415552035 (hbk.) | ||
| 020 | _a9780203836897 (ebk.) | ||
| 040 |
_aDLC _cDLC _dDLC |
||
| 042 | _apcc | ||
| 050 | 0 | 0 |
_aKZ7230 _b.R68 2011 |
| 082 | 0 | 0 |
_a345/.05 _222 |
| 245 | 0 | 0 |
_aRoutledge handbook of international criminal law / _cedited by William Schabas and Nadia Bernaz. |
| 246 | 3 | 0 | _aHandbook of international criminal law |
| 260 |
_aAbingdon, Oxon ; _aNew York : _bRoutledge, _c2011. |
||
| 300 |
_axiv, 461 p. ; _c26 cm. |
||
| 504 | _aIncludes bibliographical references and index. | ||
| 650 | 0 | _aInternational criminal courts. | |
| 650 | 0 | _aInternational crimes. | |
| 700 | 1 |
_aSchabas, William, _d1950- |
|
| 700 | 1 | _aBernaz, Nadia. | |
| 856 | 4 | 1 |
_3Table of contents only _uhttp://www.loc.gov/catdir/toc/fy11pdf03/2010022449.html |
| 906 |
_a7 _bcbc _corignew _d1 _eecip _f20 _gy-gencatlg |
||
| 942 |
_2ddc _cBK |
||
| 999 |
_c13880 _d13880 |
||